Normal view
MARC view
- Juárez Hernández, Fernando
Entry Nombre Personal
001 - NUMERO DE CONTROL
- campo de control: 36749
003 - IDENTIFICADOR DE NUMERO DE CONTROL
- campo de control: MX-MxUPN
005 - FECHA Y HORA DE LA ÜLTIMA TRANSACCIÓN
- campo de control: 20240807094337.0
008 - DATOS DE LONGITUD FIJA
- campo de control de longitud fija: 240807n||acannaabn | aaa |d
010 ## - NÚMERO DE CONTROL DE LA BIBLIOTECA DEL CONGRESO
- Número de control LC: no2007134649
035 ## - NUMERO DE CONTROL
- Número de control: UPN11000008856
035 ## - NUMERO DE CONTROL
- Número de control: (OCoLC)oca07573969
040 ## - FUENTE DE CATALOGACIÓN
- Lenguaje de catalogación: spa
- Agencia de transcripción: NjP
- Agencia original de catalogación: NjP
- Agencia que lo modifica: MX-MxUPN
- Agencia que lo modifica: DLC
100 1# - ENCABEZAMIENTO - NOMBRE PERSONAL
- Nombre personal: Juárez Hernández, Fernando
670 ## - FUENTE EN LA QUE SE LOCALIZARON DATOS
- Cita de la fuente: LC, 07 agosto 2024 :
- Información localizada: (Juárez Hernández, Fernando)
- Uniform Resource Identifier: https://lccn.loc.gov/no2007134649
680 ## - NOTA PUBLICA DE ACCESO PÚBLICO
- Frase explicativa de la referencia: Filósofo y pedagogo mexicano
902 ## - CATALOGADOR
- Catalogador: CAA/240315
